Monthly register of land, houses, shops, freehold & leasehold properties & ground rents &c. to be let or sold (Record no. 119155)

MARC details
000 -LEADER
fixed length control field 00635cas a22001935a 4500
001 - CONTROL NUMBER
control field L141331
008 - FIXED-LENGTH DATA ELEMENTS--GENERAL INFORMATION
fixed length control field 071116n xxkmr p 0 a0eng u
035 ## - SYSTEM CONTROL NUMBER
System control number (Sirsi) u141331
041 0# - LANGUAGE CODE
Language code of text/sound track or separate title eng
110 2# - MAIN ENTRY--CORPORATE NAME
Corporate name or jurisdiction name as entry element Wiltshire and Co.
9 (RLIN) 5452
245 00 - TITLE STATEMENT
Title Monthly register of land, houses, shops, freehold & leasehold properties & ground rents &c. to be let or sold
260 ## - PUBLICATION, DISTRIBUTION, ETC.
Place of publication, distribution, etc. London
Name of publisher, distributor, etc. Wiltshire & Co.
Date of publication, distribution, etc. [c. 1910?]
500 ## - GENERAL NOTE
General note Title from cover.
500 ## - GENERAL NOTE
General note Presented by S. Howard of Wiltshire & Co. in January 1975.
554 ## -
-- One per month
651 #4 - SUBJECT ADDED ENTRY--GEOGRAPHIC NAME
Geographic name London
690 ## - LOCAL SUBJECT ADDED ENTRY--TOPICAL TERM (OCLC, RLIN)
Topical term or geographic name as entry element PROPERTY-PROPERTY ACQUISITION AND DISPOSAL
942 ## - ADDED ENTRY ELEMENTS (KOHA)
Suppress in OPAC 0
Holdings
Withdrawn status Lost status Source of classification or shelving scheme Damaged status Not for loan Home library Current library Shelving location Date acquired Total Checkouts Full call number Barcode Date last seen Copy number Price effective from Koha item type
    Dewey Decimal Classification     London London Basement 16/11/2007   BASEMENT BOX 4 141331-1001 06/08/2019 1 06/08/2019 Archive